000 00861cam a22002771 4500
001 gs 49000278
003 DLC
005 20260227111355.0
008 770317s1949 dcua f000 0 eng c
010 _ags 49000278
040 _aU.S. Geol. Survey. Libr.
_cak
_dDLC
043 _an-us-ak
050 1 0 _aQE75
_b.C5 no. 42
051 _aQE699
_b.P4
_cCopy 2.
082 0 0 _a557.3
100 1 _aPéwé, Troy Lewis,
_d1918-
245 0 0 _aPreliminary report of permafrost investigations in the Dunbar Area, Alaska.
260 _aWashington,
_c1949.
300 _a3 l.
_billus.
_c27 cm.
490 1 _aUnited States. Geological Survey. Circular
_vno.42
500 _aCover title.
650 0 _aPermafrost
_zAlaska.
650 0 _aSoils
_zAlaska.
740 0 _aPermafrost investigations in the Dunbar Area, Alaska.
830 0 _aGeological Survey circular ;
_v42.
999 _c28409
_d28409